{"text_format":"3","workbook":"xlsx","n_sheets":14,"sheets":["Задание","Т1_Материалы","Т2_Электроэнергия","Т3_ЗП","Т4,5_ДЗП","Т6_Себестоимость","Т7,8_ОПФ","Т9,10_Кредит","Т11,12,13_Прибыль","Т14,15_ОСН","Т17,18_Показатели+ТБ","Т19,20_Потребность_в_ОС","Т21,22_Инвестиции","Т23,24,25,26_Эффективность"],"read":"whole","date_system":"1900"}

{"sheet":"Задание","index":0,"n_rows":24,"n_cols":2,"rows_kept":24,"merged":[[0,0,0,6],[1,0,1,6],[2,0,2,6],[3,0,3,6],[4,0,4,1]]}
["Комплексное задание \"Определение экономических показателей и бюджетной эффективности проекта производства гражданской продукции на машиностроительном предприятии\""]
["Постановка задачи"]
["Предлагается проект производства гражданской продукции на машиностроительном предприятии. Гражданская продукция представлена производством двух ассортиментов: продукция А и продукция В. Срок реализации проекта 5 лет. Производство продукции начинается с 1-го года реализации проекта. Для производства продукции предприятие приобретает оборудование, осуществляет демонтаж старого оборудования,  работы по установке нового оборудования и подготавливает производственные площади к работе. Приобретение всех основных фондов планируется осуществлять за счет заемных средств. Выплата основного долга и процентов по кредиту осуществляется ежеквартально. В начале 4-го года предусматривается приобретение оборудования, срок эксплуатации которого мешьше срока реализации проекта. Оборудование приобретается по той же стоимости, с учетом транспортных расходов. Новое приобретение оборудования не увеличивает первоначальную стоимость основных фондов."]
["На основе выполненных расчетов определить финансовую реализуемость и экономическую эффективность проекта производства гражданской продукции на машиностроительном предприятии."]
["Исходные данные проекта"]
["Показатель","Значения"]
["Выпуск продукции А, шт.",245]
["Выпуск продукции В, шт.",375]
["Цена продукции А, руб.",3100]
["Цена продукции В, руб.",3200]
["Доплаты прогрессивно-премиальные ",{"v":0.3,"d":"30%"}]
["Надбавки по районному и северному коэффициентам",{"v":0.5,"d":"50%"}]
["Отчисления на социальные нужды",{"v":0.302,"d":"30.20%"}]
["Общепроизводственные расходы ","100% от основной заработной платы производственных рабочих"]
["Общехозяйственные расходы ","80% от основной заработной платы производственных рабочих"]
["Коммерческие (внепроизводственные) расходы",{"v":0.011,"d":"1.10%"}]
["Годовая ставка по заемным средствам",{"v":0.1,"d":"10%"}]
["Срок погашения заемных средств","5 лет"]
["Погашение заемных средств","ежеквартально"]
["Прогнозное увеличение выпуска продукции",{"v":0.05,"d":"5%"}]
["Прогнозное увеличение цены на продукцию",{"v":0.07,"d":"7%"}]
["Ежегодный рост переменных затрат",{"v":0.07,"d":"7%"}]
["Ежегодный рост постоянных затрат",{"v":0.05,"d":"5%"}]
["Система налогообложения","ОСНО, включающая налог на прибыль (20%), налог на имущество (2,2%), НДФЛ (13%)."]

{"sheet":"Т1_Материалы","index":1,"n_rows":25,"n_cols":8,"rows_kept":25,"merged":[[1,0,3,0],[1,1,3,1],[1,2,1,4],[1,5,1,7],[2,2,3,2],[2,4,3,4],[2,5,3,5],[2,7,3,7],[24,0,24,2]]}
["Таблица 1 – Расчет потребности в сырье, материалах и комплектующих на 1 единицу продукции"]
["Наименование материалов","Ед. изм.","Продукция А",null,null,"Продукция В"]
[null,null,"Расход на изделие","Цена в руб.","Затраты на изделие, руб.","Расход на изделие","Цена в руб.","Затраты на изделие, руб."]
[{"$nulls":3},"за ед. изм.",null,null,"за ед. изм."]
["Сырье"]
[1,"кг",5.985,27.69,{"$f":"C6*D6","v":{"v":165.72465000000003,"d":"165.72"}},6.912,27.69,{"$f":"F6*G6","v":{"v":191.39328,"d":"191.39"}}]
[2,"кг",4.68,29.5,{"$f":"C7*D7","v":138.06},4.232,29.5,{"$f":"F7*G7","v":{"v":124.84400000000001,"d":"124.84"}}]
[3,"кг",3.298,25.6,{"v":84.42880000000001,"d":"84.43"},0.784,25.6,{"v":20.070400000000003,"d":"20.07"}]
[4,"кг",0.297,27.98,{"v":8.31006,"d":"8.31"},0.297,27.98,{"v":8.31006,"d":"8.31"}]
["Материалы"]
[1,"шт",1,0.3,{"v":0.3,"d":"0.30"},1,0.3,{"v":0.3,"d":"0.30"}]
[2,"шт",1,18,{"v":18,"d":"18.00"},"Х","Х"]
[3,"кг",0.25,90,{"v":22.5,"d":"22.50"},0.1,90,{"v":9,"d":"9.00"}]
[4,"шт",1,14.95,14.95,"Х","Х"]
[5,"шт","Х","Х",null,2,28.5,{"v":57,"d":"57.00"}]
[6,"шт",2,30.6,{"v":61.2,"d":"61.20"},1,30.6,{"v":30.6,"d":"30.60"}]
[7,"шт",1,20.66,20.66,1,20.66,20.66]
[8,"шт","Х","Х",null,1,10.99,10.99]
["Комплектующие"]
[1,"шт","Х","Х",1.2,"Х","Х",1.2]
[2,"м","Х","Х",1.2,"Х","Х",0.6]
[3,"шт","Х","Х",20,"Х","Х",20]
[4,"шт","Х","Х",0.43,"Х","Х",1.29]
["Всего затрат на сырье, материалы и комплектующие",{"$nulls":3},{"$f":"SUM(E6:E23)","v":{"v":556.9635100000002,"d":"556.96"}},null,null,{"$f":"SUM(H6:H23)","v":{"v":496.2577400000001,"d":"496.26"}}]
["Х - значения не рассчитываются"]

{"sheet":"Т2_Электроэнергия","index":2,"n_rows":10,"n_cols":8,"rows_kept":10,"merged":[[1,0,3,0],[1,1,3,1],[1,2,1,4],[1,5,1,7],[2,3,3,3],[2,4,3,4],[2,6,3,6],[2,7,3,7],[9,0,9,2]]}
["Таблица 2 – Расчет потребности в электроэнергии, воде, сжатом воздухе и паре для производственных нужд на 1 единицу продукции"]
["Наименование затрат","Ед. изм.","Продукция А",null,null,"Продукция В"]
[null,null,"Норма расхода","Цена в руб. за ед. изм","Затраты на изделие, руб.","Норма расхода","Цена в руб. за ед. изм","Затраты на изделие, руб."]
[null,null,"на изделие",null,null,"на изделие"]
["Электроэнергия","кВт-ч",2.5,4.7,{"$f":"C5*D5","v":11.75},4.5,4.7,{"$f":"F5*G5","v":21.150000000000002}]
["Вода","м3",3.5,23.46,{"$f":"C6*D6","v":82.11},2.8,23.46,{"$f":"F6*G6","v":65.688}]
["Сжатый воздух","м3",27,9.45,255.14999999999998,30,9.45,283.5]
["Пар","Гкал",0.045,{"v":1056,"d":"1,056.00"},47.519999999999996,0.045,{"v":1056,"d":"1,056.00"},47.519999999999996]
["Итого затрат",null,"Х","Х",{"$f":"SUM(E5:E8)","v":396.53},"Х","Х",{"$f":"SUM(H5:H8)","v":{"v":417.858,"d":"417.86"}}]
["Х - значения не рассчитываются"]

{"sheet":"Т3_ЗП","index":3,"n_rows":15,"n_cols":7,"rows_kept":15,"merged":[[1,0,2,0],[1,1,1,3],[1,4,1,6],[14,0,14,2]]}
["Таблица 3 – Расчет основной заработной платы на 1 единицу продукции"]
["Виды работ","Продукция А",null,null,"Продукция В"]
[null,"Нормо-часы","Стоимость нормо-часа, руб.","Расход тариф. зарплаты, руб.","Нормо-часы","Стоимость нормо-часа, руб.","Расход тариф. зарплаты, руб."]
["1. Сдельные работы:","Х","Х","Х","Х","Х","Х"]
["Токарные",0.2,300,null,0.18,300]
["Фрезерные",0.1,150,null,0.3,150]
["Шлифовальные",0.5,200,null,0.5,200]
["Термические",0.15,270,null,0.15,270]
["Электротехнические",0.1,150,null,0.1,150]
["Сборочные",0.25,300,null,0.25,300]
["Итого по тарифу","Х","Х",null,"Х","Х"]
["Доплаты прогрессивно-премиальные ","Х","Х",null,"Х","Х"]
["2. Надбавки по районному и северному коэффициентам","Х","Х",null,"Х","Х"]
["Всего основной заработной платы","Х","Х",null,"Х","Х"]
["Х - значения не рассчитываются"]

{"sheet":"Т4,5_ДЗП","index":4,"n_rows":16,"n_cols":8,"rows_kept":16,"merged":[[0,6,0,7],[1,0,2,0],[1,1,1,3]]}
["Таблица 4 – Расчет количества дней на 2020 г. ( 5-ти дневная рабочая неделя)",{"$nulls":5},"Таблица 5 – Баланс рабочего времени 1-го производственного рабочего при 5-ти дневной рабочей недели"]
["Месяц","Количество дней",{"$nulls":4},"Показатель","Значение"]
[null,"календарных","рабочих","выходных",null,null,"Календарный фонд рабочего времени, дни"]
["январь",31,17,14,null,null,"Нерабочие (выходные) дни"]
["февраль",29,19,10,null,null,"Номинальный фонд рабочего времени, дни"]
["март",31,19,12,null,null,"Плановые целевые невыходы, всего, дни"]
["апрель",30,0,30,null,null,"в том числе:"]
["май",31,14,17,null,null,"очередной отпуск",28]
["июнь",30,20,10,null,null,"дополнительный отпуск",3]
["июль",31,22,9,null,null,"учебный отпуск",2]
["август",31,21,10,null,null,"выполнение государственных и общественных обязанностей",1]
["сентябрь",30,22,8,null,null,"Эффективный фонд рабочего времени, дни"]
["октябрь",31,22,9,null,null,"Количество дней по временной нетрудоспособности",3]
["ноябрь",30,20,10,null,null,"Процент дополнительной заработной платы (за неотработанное время), %"]
["декабрь",31,23,8]
["Всего"]

{"sheet":"Т6_Себестоимость","index":5,"n_rows":19,"n_cols":3,"rows_kept":19,"merged":[[1,0,2,0],[1,1,1,2]]}
["Таблица 6 – Расчет себестоимости на 1 единицу продукции, руб."]
["Наименование статей затрат","Себестоимость единицы"]
[null,"Продукция А","Продукция В"]
["Сырье и материалы"]
["Покупные комплектующие изделия"]
["Топливо и энергия на технологические нужды"]
["Итого материальных затрат"]
["Основная заработная плата производственных рабочих"]
["Дополнительная заработная плата производственных рабочих  "]
["Отчисления на социальные нужды "]
["Общепроизводственные расходы "]
["Итого цеховая себестоимость"]
["Общехозяйственные расходы"]
["Итого производственная себестоимость"]
["Коммерческие (внепроизводственные) расходы"]
["Всего полная себестоимость"]
["в том числе:"]
["переменные "]
["постоянные"]

{"sheet":"Т7,8_ОПФ","index":6,"n_rows":22,"n_cols":6,"rows_kept":22,"merged":[[11,0,11,3]]}
["Таблица 7 – Расчет потребности в основных фондах"]
[null,"Цена, руб.","кол-во, шт.","срок эксплуатации, лет","Сумма, руб.","Сумма амортизации с учетом транспортных расходов, руб."]
["Оборудование 1",7400,2,5]
["Оборудование 2",27500,1,10]
["Оборудование 3",18600,1,7]
["Оборудование 4",2300,1,3]
["Монтажные работы","Х","Х","Х",null,"Х"]
["Демонтаж оборудования","Х","Х","Х",80,"Х"]
["Подготовка производственных площадей","Х","Х","Х",300,"Х"]
["Итого","Х","Х","Х"]
["Х - значения не рассчитываются"]
["Монтажные работы составляют 10% от стоимости всего оборудования. Транспортные расходы составляют 10%."]
[]
["Таблица 8 – Расчет остаточной стоимости основных фондов и налога на имущество, руб."]
["Показатель","1 год","2 год","3 год","4 год","5 год"]
["Первоначальная стоимость "]
["Амортизационные отчисления"]
["Остаточная стоимость:"]
[" - на начало года"]
[" - на конец года"]
["Среднегодовая стоимость"]
["Налог на имущество"]

{"sheet":"Т9,10_Кредит","index":7,"n_rows":28,"n_cols":9,"rows_kept":28,"merged":[[1,0,2,0],[1,1,1,5],[2,8,2,9]]}
["Таблица 9 – График погашения кредита, руб."]
["Квартал","Показатели"]
[null,"Долг на начало квартала","Погашение основного долга","Погашение процентов","Долг на конец квартала","Сумма погашения",null,null,"Исходные данные"]
[1,{"$nulls":7},"Сумма кредита, руб."]
[2,{"$nulls":7},"Срок погашения, лет"]
[3,{"$nulls":7},"Число выплат в год"]
[4,{"$nulls":7},"Общее число выплат"]
[5,{"$nulls":7},"Годовая процентная ставка"]
[6,{"$nulls":7},"Квартальная процентная ставка"]
[7,{"$nulls":7},"Величина периодического платежа, руб."]
[8]
[9]
[10]
[11]
[12]
[13]
[14]
[15]
[16]
[17]
[18]
[19]
[20]
[]
["Таблица 10 – Погашение процентов по годам реализации проекта, руб."]
["Показатель","1 год","2 год","3 год","4 год","5 год"]
["Погашение основного долга"]
["Погашение процентов"]

{"sheet":"Т11,12,13_Прибыль","index":8,"n_rows":34,"n_cols":6,"rows_kept":34}
["Значения выпуска продукции и цены в таблицах 11 и 12 округляем до целых чисел."]
[]
["Таблица 11 – Прогноз выручки от реализации продукции"]
["Показатель","1 год","2 год","3 год","4 год","5 год"]
["Выпуск продукции А, шт."]
["Выпуск продукции В, шт."]
["Цена продукции А, руб."]
["Цена продукции В, руб."]
["Выручка от реализации продукции А, руб."]
["Выручка от реализации продукции В, руб."]
["Выручка от реализации всего, руб."]
[]
["Таблица 12 – Прогноз себестоимости производства и реализации продукции"]
["Показатель","1 год","2 год","3 год","4 год","5 год"]
["Выпуск продукции А, шт."]
["Выпуск продукции В, шт."]
["Переменные затраты на единицу продукции А, руб."]
["Постоянные затраты по продукции А, руб."]
["Переменные затраты на единицу продукции В, руб."]
["Постоянные затраты по продукции В, руб."]
["Затраты на призводство продукции А, руб."]
["Затраты на производство продукции В, руб."]
["Затраты на производство всего, руб."]
[]
["Таблица 13 – Прогнозный отчет о прибылях и убытках, руб."]
["Показатель","1 год","2 год","3 год","4 год","5 год"]
["Выручка от реализации продукции, работ, услуг"]
["Себестоимость производства и реализации продукции, работ, услуг"]
["Прибыль от реализации продукции"]
["Проценты к уплате"]
["Прочие расходы"]
["Прибыль до налогообложения"]
["Налог на прибыль"]
["Чистая прибыль"]

{"sheet":"Т14,15_ОСН","index":9,"n_rows":13,"n_cols":6,"rows_kept":13}
["Таблица 14 – Расчет общего фонда заработной платы, руб."]
["Показатель","1 год","2 год","3 год","4 год","5 год"]
["Заработная плата производственных рабочих по продукции А"]
["Заработная плата производственных рабочих попродукции В"]
["Общий фонд заработной платы"]
[]
["Таблица 15 – Расчет страховых взносов, руб."]
["Показатель","1 год","2 год","3 год","4 год","5 год"]
["Страховые взносы, всего, руб."]
["Пенсионный фонд РФ"]
["Фонд социального страхования"]
["Фонд социального страхования (Обязательное социальное страхование от несчастных случаев на производстве и профессиональных заболеваний), 0,2%"]
["Фонд обязательного медицинского страхования"]

{"sheet":"Т17,18_Показатели+ТБ","index":10,"n_rows":28,"n_cols":6,"rows_kept":28}
["Таблица 17 - Основные плановые экономические показатели реализации проекта"]
["Наименование показателя","1 год","2 год","3 год","4 год","5 год"]
["Выручка от реализации продукции, руб., всего"]
["Продукция А"]
["Продукция В"]
["Затраты на производство и реализацию продукции, руб., всего"]
["Продукция А"]
["Продукция В"]
["Прибыль от реализации, руб., всего"]
["Продукция А"]
["Продукция Б"]
["Чистая прибыль, руб."]
["Рентабельность продаж, %, "]
["Рентабельность продукции А, %"]
["Рентабельность продукции В, %"]
["Материальные затраты, руб., всего"]
["Продукция А"]
["Продукция В"]
["Материалоемкость продукции, руб./руб."]
[]
["Таблица 18 - Точка безубыточности проекта"]
["Наименование показателя","1 год","2 год","3 год","4 год","5 год"]
["Точка безубыточности в натуральном выражении"]
["Продукция А"]
["Продукция В"]
["Точка безубыточности в стоимостном выражении"]
["Продукция А"]
["Продукция В"]

{"sheet":"Т19,20_Потребность_в_ОС","index":11,"n_rows":19,"n_cols":6,"rows_kept":19,"merged":[[0,0,0,5],[12,1,12,2]]}
["Произведите расчет потребности в оборотных средствах Запаса сырья и материалов должно хватить на 33 дня, из которых 30 дней - периодичность поставки, 3 дня страховой запас. Для запаса покупных комплектующих, периодичность поставки 60 дней, страховой запас 3 дня. Для расчета потребность в денежных средствах, норма запаса денежных средств составляет 13 дней."]
["Таблица 19 – Расчет потребности в оборотных средствах"]
["Показатели","Продукция А","Продукция В"]
["Сырье и материалы на 1 ед., руб."]
["Покупные комплектующие изделия на 1 ед., руб."]
["Выпуск продукции, шт."]
["Сырье и материалы на весь выпуск продукции, руб."]
["Покупные комплектующие изделия на весь выпуск продукции, руб."]
["Потребность в сырье и материалах, руб."]
["Потребность в покупных комплектующих,   руб."]
["Выручка от реализации, руб."]
["Потребность в денежных средствах, руб."]
["Всего потребности в оборотных средствах, руб."]
[]
["Таблица 20 – Прогноз потребности в пополнении оборотных  средств"]
["Показатель","1 год","2 год","3 год","4 год","5 год"]
["Уровень оборотных средств в выручке от реализации,  %"]
["Потребность в оборотных средствах,  руб."]
["Пополнение оборотных средств, руб."]

{"sheet":"Т21,22_Инвестиции","index":12,"n_rows":12,"n_cols":2,"rows_kept":12}
["Таблица 21 – Инвестиционные затраты, руб."]
["Направления инвестиций","Значения"]
["Основные фонды"]
["Оборотные средства"]
["Разрешительная документация и обучение персонала",30000]
["Всего инвестиционных затрат"]
[]
["Таблица 22 – Финансирование проекта, руб."]
["Источники финансирования","Значения"]
["Собственные средства"]
["Заемные средства"]
["Итого"]

{"sheet":"Т23,24,25,26_Эффективность","index":13,"n_rows":39,"n_cols":15,"rows_kept":39,"merged":[[0,0,0,7],[3,0,4,0],[3,1,3,6],[4,8,5,8],[4,9,4,14],[5,0,5,6],[10,0,10,6],[17,0,17,6],[33,0,33,1]]}
["На основании выполненных расчетов, заполните таблицу денежных потоков и произведите расчет статических и динамических показателей эффективности проекта.  Для расчета динамических показателей ставка дисконтирования по проекту составляет 26,43%. На основании рассчитанных показателей сделайте вывод об экономической эффективности проекта."]
[]
["Таблица 23 – Таблица денежных потоков,  руб."]
["Показатели","Год (№ шага расчетного периода, m)",{"$nulls":6},"Таблица 25 – Дисконтированные денежные потоки,  руб."]
[null,0,1,2,3,4,5,null,"Показатели","Год (№ шага расчетного периода, m)"]
["Операционная деятельность",{"$nulls":8},0,1,2,3,4,5]
["Амортизационные отчисления",{"$nulls":7},"Поток реальных денег, NCF"]
["Проценты по кредитам",{"$nulls":7},"Коэффициент дисконтирования, kd"]
["Чистая прибыль",{"$nulls":7},"Дисконтированный поток реальных денег, dNCF"]
["Сальдо операционной деятельности,  CF ОД",{"$nulls":7},"Накопленный дисконтированный поток реальных денег, NPV"]
["Инвестиционная деятельность",{"$nulls":7},"Инвестиции, I"]
["Реализация основных фондов",{"$nulls":7},"Дисконтированные инвестиции, dI"]
["Инвестиции в основные фонды ",{"$nulls":7},"Накопленные дисконтированные инвестиции"]
["Инвестиции на пополнение оборотных активов"]
["Сальдо инвестиционной деятельности,  CF ИД",{"$nulls":7},"Таблица 26 – Динамические показатели эффективности проекта",null,null," "]
["Поток реальных денег, NCF",{"$nulls":7},"Показатели","Значение"]
["Накопленный поток реальных денег, NV",{"$nulls":7},"Период расчета, лет"]
["Финансовая деятельность",{"$nulls":7},"Ставка дисконтирования, %"]
["Собственные средства",{"$nulls":7},"Чистая текущая стоимость (NPV), тыс. руб."]
["Получение кредита",{"$nulls":7},"Динамический срок окупаемости (dPP), лет"]
["Погашение основного долга",{"$nulls":7},"Индекс доходности (PI)"]
["Проценты по кредитам",{"$nulls":7},"Внутренняя норма доходности (IRR), %"]
["Сальдо финансовой деятельности, CF ФД"]
["Сальдо реальных денег, CB"]
["Накопленное сальдо реальных денег"]
[]
["Таблица 24 – Статические показатели эффективности проекта"]
["Данные для расчета статических показателей","Значения"]
["Инвестиции, тыс. руб."]
["Средняя операционная прибыль, руб."]
["Средняя чистая прибыль, руб."]
["Ликвидационные затраты,  руб."]
["Остаточная стоимость предприятия, руб."]
["Статические показатели"]
["Чистый доход (NV), руб."]
["Простая норма прибыли (SRR), %"]
["Средняя (учетная) норма прибыли (ARR), %"]
["Простой срок окупаемости (PP), лет"]
["Бухгалтерская норма прибыли (POI), %"]